000 00615nam a2200229Ia 4500
003 OSt
005 20220928103059.0
006 a|||||r|||| 00| 0
007 ta
008 220927b |||||||| |||| 00| 0 eng d
024 _a49915
037 _cTextual
040 _aSDCL
_cSDCL
_beng
041 _2eng
_aeng
082 _aV5,933'N7, L9
100 _aFowler Norman
_9402134
245 0 _aAfter the riots
_b The police in Europe.
260 _aLondon
_bDavis-Poynter
_c1979
300 _a197p.
_ccm.
942 _hV5,933'N7, L9
_cTEXL
_2CC
999 _c717974
_d717974